<?xml version="1.0" encoding="UTF-8"?>
<record
    xmlns:xsi="http://www.w3.org/2001/XMLSchema-instance"
    xsi:schemaLocation="http://www.loc.gov/MARC21/slim http://www.loc.gov/standards/marcxml/schema/MARC21slim.xsd"
    xmlns="http://www.loc.gov/MARC21/slim">

  <leader>00665nam a2200193 a 4500</leader>
  <controlfield tag="001">2114</controlfield>
  <controlfield tag="003">CDMR</controlfield>
  <controlfield tag="005">20131128163616.0</controlfield>
  <controlfield tag="008">130130s1985||||||||||||||||||||||||||||d</controlfield>
  <datafield tag="040" ind1=" " ind2=" ">
    <subfield code="a">CDMR</subfield>
    <subfield code="b">cat</subfield>
    <subfield code="c">CDMR</subfield>
  </datafield>
  <datafield tag="100" ind1="1" ind2=" ">
    <subfield code="a">Carrillo, Marc</subfield>
    <subfield code="9">335</subfield>
  </datafield>
  <datafield tag="245" ind1="1" ind2="3">
    <subfield code="a">La libertad de prensa en la Constituci&#xF3;n espa&#xF1;ola de 1978</subfield>
    <subfield code="c">Marc Carrillo L&#xF3;pez</subfield>
  </datafield>
  <datafield tag="260" ind1=" " ind2=" ">
    <subfield code="a">Barcelona</subfield>
    <subfield code="c">1985</subfield>
  </datafield>
  <datafield tag="300" ind1=" " ind2=" ">
    <subfield code="a">508 p.</subfield>
  </datafield>
  <datafield tag="502" ind1=" " ind2=" ">
    <subfield code="a">Tesi dirigida per Jordi Sol&#xE9; Tura i presentada el 16 de maig de 1985 a la</subfield>
    <subfield code="c">Facultat de Dret de la Universitat de Barcelona</subfield>
  </datafield>
  <datafield tag="650" ind1="0" ind2="4">
    <subfield code="9">4150</subfield>
    <subfield code="a">Llibertat d'impremta</subfield>
    <subfield code="z">Espanya</subfield>
  </datafield>
  <datafield tag="650" ind1="0" ind2="4">
    <subfield code="9">4383</subfield>
    <subfield code="a">Premsa</subfield>
    <subfield code="x">Dret i legislaci&#xF3;</subfield>
    <subfield code="z">Espanya</subfield>
  </datafield>
  <datafield tag="942" ind1=" " ind2=" ">
    <subfield code="c">TSN</subfield>
    <subfield code="2">udc</subfield>
  </datafield>
  <datafield tag="999" ind1=" " ind2=" ">
    <subfield code="c">2114</subfield>
    <subfield code="d">2114</subfield>
  </datafield>
  <datafield tag="952" ind1=" " ind2=" ">
    <subfield code="0">0</subfield>
    <subfield code="1">0</subfield>
    <subfield code="4">0</subfield>
    <subfield code="7">0</subfield>
    <subfield code="a">CDMR</subfield>
    <subfield code="b">CDMR</subfield>
    <subfield code="d">2013-01-16</subfield>
    <subfield code="l">0</subfield>
    <subfield code="o">Cg 5/51</subfield>
    <subfield code="p">CDMR13110155</subfield>
    <subfield code="r">2013-01-16</subfield>
    <subfield code="w">2013-01-16</subfield>
    <subfield code="y">TSN</subfield>
  </datafield>
</record>
